[Event "Bundesliga 9900"]
[Site "Deutschland"]
[Date "1999.11.07"]
[Round "4.1"]
[White "Almasi, Zoltan"]
[Black "Schlosser, Philipp"]
[Result "1/2-1/2"]
[WhiteElo "2663"]
[BlackElo "2512"]
[PlyCount "29"]
[EventDate "1999.10.09"]
[EventType "team"]
[EventRounds "15"]
[EventCountry "GER"]
[SourceTitle "Bundesliga 9900"]
[Source "DeepChess"]
[SourceDate "2005.01.01"]
[SourceVersion "1"]
[SourceVersionDate "2005.01.01"]
[SourceQuality "1"]
[WhiteTeam "Dresdner SC 1898"]
[BlackTeam "SK Passau 1869"]
[WhiteTeamCountry "GER"]
[BlackTeamCountry "GER"]

1. d4 d5 2. c4 c6 3. Nc3 Nf6 4. e3 a6 5. a4 e6 6. Nf3 c5 7. Be2 Nc6 8. O-O Bd6
9. Bd2 O-O 10. dxc5 Bxc5 11. Qb1 Qe7 12. Rd1 Rd8 13. a5 Ba7 14. Na4 e5 15. cxd5
1/2-1/2

[Event "Bundesliga 9900"]
[Site "Deutschland"]
[Date "1999.11.07"]
[Round "4.2"]
[White "Ribli, Zoltan"]
[Black "Tischbierek, Raj"]
[Result "1/2-1/2"]
[WhiteElo "2586"]
[BlackElo "2544"]
[PlyCount "31"]
[EventDate "1999.10.09"]
[EventType "team"]
[EventRounds "15"]
[EventCountry "GER"]
[SourceTitle "Bundesliga 9900"]
[Source "DeepChess"]
[SourceDate "2005.01.01"]
[SourceVersion "1"]
[SourceVersionDate "2005.01.01"]
[SourceQuality "1"]
[WhiteTeam "SK Passau 1869"]
[BlackTeam "Dresdner SC 1898"]
[WhiteTeamCountry "GER"]
[BlackTeamCountry "GER"]

1. d4 e6 2. Nf3 b6 3. g3 Bb7 4. Bg2 Nf6 5. c4 Be7 6. Nc3 Ne4 7. Bd2 Nxc3 8.
Bxc3 d5 9. cxd5 exd5 10. O-O O-O 11. b4 Nd7 12. a4 Nf6 13. Qb3 Ne4 14. b5 a6
15. Rfc1 Bd6 16. Be1 1/2-1/2

[Event "Bundesliga 9900"]
[Site "Deutschland"]
[Date "1999.11.07"]
[Round "4.3"]
[White "Socko, Bartosz"]
[Black "Wells, Peter K"]
[Result "1/2-1/2"]
[WhiteElo "2543"]
[BlackElo "2476"]
[PlyCount "44"]
[EventDate "1999.10.09"]
[EventType "team"]
[EventRounds "15"]
[EventCountry "GER"]
[SourceTitle "Bundesliga 9900"]
[Source "DeepChess"]
[SourceDate "2005.01.01"]
[SourceVersion "1"]
[SourceVersionDate "2005.01.01"]
[SourceQuality "1"]
[WhiteTeam "Dresdner SC 1898"]
[BlackTeam "SK Passau 1869"]
[WhiteTeamCountry "GER"]
[BlackTeamCountry "GER"]

1. e4 e5 2. Nf3 Nc6 3. Bb5 a6 4. Ba4 Nf6 5. O-O Be7 6. Re1 b5 7. Bb3 d6 8. c3
O-O 9. h3 Bb7 10. d4 Re8 11. Nbd2 Bf8 12. a4 h6 13. Bc2 exd4 14. cxd4 Nb4 15.
Bb1 bxa4 16. Qxa4 a5 17. Qb3 Ra6 18. Nh2 Qa8 19. Qe3 g6 20. Ng4 Nxg4 21. hxg4
Bg7 22. Nf3 Bxe4 1/2-1/2

[Event "Bundesliga 9900"]
[Site "Deutschland"]
[Date "1999.11.07"]
[Round "4.4"]
[White "Smejkal, Jan"]
[Black "Boensch, Uwe"]
[Result "1/2-1/2"]
[WhiteElo "2526"]
[BlackElo "2547"]
[PlyCount "78"]
[EventDate "1999.10.09"]
[EventType "team"]
[EventRounds "15"]
[EventCountry "GER"]
[SourceTitle "Bundesliga 9900"]
[Source "DeepChess"]
[SourceDate "2005.01.01"]
[SourceVersion "1"]
[SourceVersionDate "2005.01.01"]
[SourceQuality "1"]
[WhiteTeam "SK Passau 1869"]
[BlackTeam "Dresdner SC 1898"]
[WhiteTeamCountry "GER"]
[BlackTeamCountry "GER"]

1. Nf3 Nf6 2. g3 d5 3. Bg2 c5 4. O-O Nc6 5. d4 e6 6. c4 dxc4 7. Qa4 Bd7 8. Qxc4
b5 9. Qd3 Rc8 10. dxc5 Bxc5 11. Nc3 b4 12. Nb5 Qe7 13. Be3 O-O 14. Bxc5 Qxc5
15. Nd6 Rb8 16. Rac1 Qd5 17. Rfd1 Qxd3 18. Rxd3 Rfd8 19. Nb7 Rxb7 20. Rxc6 Nd5
21. Rc1 Bb5 22. Rd2 Rbb8 23. Ne5 Nb6 24. Rdc2 Rbc8 25. Bc6 Ba6 26. Bf3 Bb5 27.
Bc6 Ba6 28. Bf3 Bb5 29. Kf1 f6 30. Nc6 Bxc6 31. Bxc6 Kf7 32. Ke1 Ke7 33. Bb7
Rxc2 34. Rxc2 Kd6 35. Ba6 Rd7 36. Rd2+ Ke7 37. Rc2 Kd6 38. Rd2+ Ke7 39. Rc2 Kd6
1/2-1/2

[Event "Bundesliga 9900"]
[Site "Deutschland"]
[Date "1999.11.07"]
[Round "4.5"]
[White "Borriss, Martin"]
[Black "Enders, Peter"]
[Result "1-0"]
[WhiteElo "2440"]
[BlackElo "2493"]
[PlyCount "65"]
[EventDate "1999.10.09"]
[EventType "team"]
[EventRounds "15"]
[EventCountry "GER"]
[SourceTitle "Bundesliga 9900"]
[Source "DeepChess"]
[SourceDate "2005.01.01"]
[SourceVersion "1"]
[SourceVersionDate "2005.01.01"]
[SourceQuality "1"]
[WhiteTeam "Dresdner SC 1898"]
[BlackTeam "SK Passau 1869"]
[WhiteTeamCountry "GER"]
[BlackTeamCountry "GER"]

1. e4 e6 2. d4 d5 3. Nc3 Bb4 4. e5 Ne7 5. a3 Bxc3+ 6. bxc3 c5 7. Nf3 Nbc6 8.
Rb1 Qa5 9. Bd2 c4 10. Qc1 h6 11. Be2 Kd8 12. O-O Kc7 13. a4 Bd7 14. Qa3 Nc8 15.
Bf4 Nb8 16. Ra1 Na6 17. Nd2 Kd8 18. Bh5 Ke8 19. Bg3 b5 20. f4 Ne7 21. Qd6 g6
22. axb5 Qxc3 23. Qxa6 Qxd2 24. Bg4 h5 25. Bh3 h4 26. Be1 Qxd4+ 27. Bf2 Qxf4
28. Qb7 Rd8 29. Rxa7 d4 30. c3 Nd5 31. Bxd4 Qd2 32. Ra8 Rh7 33. Rxd8+ 1-0

[Event "Bundesliga 9900"]
[Site "Deutschland"]
[Date "1999.11.07"]
[Round "4.6"]
[White "Stangl, Markus"]
[Black "Maiwald, Jens Uwe"]
[Result "1/2-1/2"]
[WhiteElo "2517"]
[BlackElo "2488"]
[PlyCount "52"]
[EventDate "1999.10.09"]
[EventType "team"]
[EventRounds "15"]
[EventCountry "GER"]
[SourceTitle "Bundesliga 9900"]
[Source "DeepChess"]
[SourceDate "2005.01.01"]
[SourceVersion "1"]
[SourceVersionDate "2005.01.01"]
[SourceQuality "1"]
[WhiteTeam "SK Passau 1869"]
[BlackTeam "Dresdner SC 1898"]
[WhiteTeamCountry "GER"]
[BlackTeamCountry "GER"]

1. Nf3 Nf6 2. c4 g6 3. d4 Bg7 4. g3 O-O 5. Bg2 d6 6. O-O Nc6 7. Nc3 Bf5 8. Ne1
Qd7 9. e4 Bh3 10. f3 Bxg2 11. Kxg2 Na5 12. Qe2 c5 13. dxc5 dxc5 14. Be3 b6 15.
Nc2 Qb7 16. Rad1 Nd7 17. Qd2 Rfd8 18. b3 Nc6 19. Bh6 Bh8 20. Qe3 Nde5 21. Rxd8+
Rxd8 22. Rd1 Rxd1 23. Nxd1 Qd7 24. Qd2 Qd3 25. Qxd3 Nxd3 26. Bd2 f5 1/2-1/2

[Event "Bundesliga 9900"]
[Site "Deutschland"]
[Date "1999.11.07"]
[Round "4.7"]
[White "Uhlmann, Wolfgang"]
[Black "Renner, Christoph"]
[Result "1-0"]
[WhiteElo "2461"]
[BlackElo "2448"]
[PlyCount "111"]
[EventDate "1999.10.09"]
[EventType "team"]
[EventRounds "15"]
[EventCountry "GER"]
[SourceTitle "Bundesliga 9900"]
[Source "DeepChess"]
[SourceDate "2005.01.01"]
[SourceVersion "1"]
[SourceVersionDate "2005.01.01"]
[SourceQuality "1"]
[WhiteTeam "Dresdner SC 1898"]
[BlackTeam "SK Passau 1869"]
[WhiteTeamCountry "GER"]
[BlackTeamCountry "GER"]

1. c4 f5 2. Nc3 Nf6 3. Nf3 d6 4. d4 g6 5. g3 Bg7 6. Bg2 O-O 7. O-O c6 8. d5 e5
9. dxc6 bxc6 10. b3 Re8 11. Qd2 Bb7 12. Rd1 d5 13. e3 Nbd7 14. cxd5 cxd5 15.
Bb2 e4 16. Ne1 Ne5 17. Rac1 Qd7 18. Na4 Qf7 19. Qa5 Nc6 20. Qb5 Rac8 21. Rc2 d4
22. Bxd4 Nxd4 23. Rxd4 Nd5 24. Rxc8 Rxc8 25. Rc4 Rd8 26. Rc1 g5 27. Qa5 Rf8 28.
Qd2 Kh8 29. Nc2 h5 30. Nb4 Nf6 31. Nc6 h4 32. Nd8 Qd5 33. Qxd5 Bxd5 34. Rc8
hxg3 35. hxg3 Nd7 36. Bf1 Bf6 37. Bb5 Bb7 38. Nf7+ Kg7 39. Rxf8 Nxf8 40. Nd6
Bd5 41. Nxf5+ Kg6 42. Nd4 Bxd4 43. exd4 Ne6 44. Be8+ Kf6 45. Nc3 Bb7 46. d5 Nc7
47. Nxe4+ Ke5 48. d6 Ne6 49. Nc3 Kxd6 50. Bf7 Nd4 51. Kf1 Kc5 52. Ke1 Kb4 53.
Nb1 Nc2+ 54. Kd2 Be4 55. Nc3 Bh7 56. Nd5+ 1-0

[Event "Bundesliga 9900"]
[Site "Deutschland"]
[Date "1999.11.07"]
[Round "4.8"]
[White "Gross, David2"]
[Black "Gauglitz, Gernot"]
[Result "1/2-1/2"]
[WhiteElo "2425"]
[BlackElo "2390"]
[PlyCount "67"]
[EventDate "1999.10.09"]
[EventType "team"]
[EventRounds "15"]
[EventCountry "GER"]
[SourceTitle "Bundesliga 9900"]
[Source "DeepChess"]
[SourceDate "2005.01.01"]
[SourceVersion "1"]
[SourceVersionDate "2005.01.01"]
[SourceQuality "1"]
[WhiteTeam "SK Passau 1869"]
[BlackTeam "Dresdner SC 1898"]
[WhiteTeamCountry "GER"]
[BlackTeamCountry "GER"]

1. e4 c5 2. Nf3 Nc6 3. Bb5 g6 4. O-O Bg7 5. Re1 e5 6. Bxc6 dxc6 7. d3 Qe7 8.
Nbd2 g5 9. Nc4 g4 10. Nfd2 h5 11. Nb3 Be6 12. Be3 b6 13. a4 Bxc4 14. dxc4 a5
15. Nd2 Nf6 16. Bg5 Qe6 17. Bxf6 Bxf6 18. Qe2 O-O-O 19. Nf1 Rd4 20. c3 Rd7 21.
b4 cxb4 22. cxb4 Be7 23. c5 Kb7 24. bxa5 Bxc5 25. axb6 Ra8 26. a5 Bb4 27. a6+
Kxb6 28. Reb1 Rd4 29. Nd2 Kc7 30. Nb3 Rc4 31. Nd2 Rd4 32. Nb3 Rc4 33. Na5 Rd4
34. Nb3 1/2-1/2

[Event "Bundesliga 9900"]
[Site "Deutschland"]
[Date "1999.11.07"]
[Round "4.2"]
[White "Van Wely, Loek"]
[Black "Chernin, Alexander"]
[Result "1-0"]
[WhiteElo "2629"]
[BlackElo "2619"]
[PlyCount "79"]
[EventDate "1999.10.09"]
[EventType "team"]
[EventRounds "15"]
[EventCountry "GER"]
[SourceTitle "Bundesliga 9900"]
[Source "DeepChess"]
[SourceDate "2005.01.01"]
[SourceVersion "1"]
[SourceVersionDate "2005.01.01"]
[SourceQuality "1"]
[WhiteTeam "SG Porz e.V."]
[BlackTeam "Godesberger SK 1929"]
[WhiteTeamCountry "GER"]
[BlackTeamCountry "GER"]

1. d4 d5 2. c4 c6 3. Nc3 Nf6 4. Nf3 a6 5. c5 Bf5 6. Bf4 Nbd7 7. h3 b6 8. b4 Ne4
9. Rc1 b5 10. a4 g6 11. e3 Bg7 12. Be2 O-O 13. O-O Re8 14. Bh2 e5 15. Re1 Qc8
16. Qb3 exd4 17. Nxd4 Ne5 18. Ra1 Nc4 19. Nxe4 Bxe4 20. Ra2 Bxd4 21. exd4 Qf5
22. f3 Bd3 23. g4 Rxe2 24. Raxe2 Qxf3 25. Rf2 Qxh3 26. Rg2 bxa4 27. Qc3 Qh4 28.
Bg3 Qxg4 29. Qxd3 a3 30. Re7 Qg5 31. Bd6 Qc1+ 32. Qf1 Qxf1+ 33. Kxf1 a5 34.
bxa5 Rxa5 35. Re8+ Kg7 36. Bf8+ Kf6 37. Ree2 Kf5 38. Rgf2+ Kg4 39. Rxf7 a2 40.
Rg2+ 1-0

[Event "Bundesliga 9900"]
[Site "Deutschland"]
[Date "1999.11.07"]
[Round "4.3"]
[White "Dautov, Rustem"]
[Black "Khalifman, Alexander"]
[Result "1/2-1/2"]
[WhiteElo "2597"]
[BlackElo "2628"]
[PlyCount "45"]
[EventDate "1999.10.09"]
[EventType "team"]
[EventRounds "15"]
[EventCountry "GER"]
[SourceTitle "Bundesliga 9900"]
[Source "DeepChess"]
[SourceDate "2005.01.01"]
[SourceVersion "1"]
[SourceVersionDate "2005.01.01"]
[SourceQuality "1"]
[WhiteTeam "Godesberger SK 1929"]
[BlackTeam "SG Porz e.V."]
[WhiteTeamCountry "GER"]
[BlackTeamCountry "GER"]

1. d4 Nf6 2. Nf3 g6 3. c4 Bg7 4. g3 d5 5. cxd5 Nxd5 6. Bg2 Nb6 7. Nc3 Nc6 8. e3
O-O 9. O-O Re8 10. d5 Na5 11. Nd4 Bd7 12. e4 c6 13. Bf4 Qc8 14. dxc6 bxc6 15.
e5 Bh3 16. Qe2 Bxg2 17. Kxg2 c5 18. Nf3 Nc6 19. Rac1 c4 20. a3 Na5 21. Nd4 Qb7+
22. Kg1 Red8 23. Rcd1 1/2-1/2

[Event "Bundesliga 9900"]
[Site "Deutschland"]
[Date "1999.11.07"]
[Round "4.7"]
[White "Jackelen, Thomas"]
[Black "Hansen, Curt"]
[Result "0-1"]
[WhiteElo "2368"]
[BlackElo "2607"]
[PlyCount "70"]
[EventDate "1999.10.09"]
[EventType "team"]
[EventRounds "15"]
[EventCountry "GER"]
[SourceTitle "Bundesliga 9900"]
[Source "DeepChess"]
[SourceDate "2005.01.01"]
[SourceVersion "1"]
[SourceVersionDate "2005.01.01"]
[SourceQuality "1"]
[WhiteTeam "Godesberger SK 1929"]
[BlackTeam "SG Porz e.V."]
[WhiteTeamCountry "GER"]
[BlackTeamCountry "GER"]

1. Nf3 c5 2. c4 Nc6 3. d4 cxd4 4. Nxd4 Nf6 5. g3 Qb6 6. Nb3 Ne5 7. c5 Qc6 8.
Rg1 d5 9. cxd6 exd6 10. Nc3 d5 11. Bg2 Bb4 12. Qd4 Qe6 13. Kf1 Nc6 14. Qe3 O-O
15. Qxe6 fxe6 16. f3 e5 17. a3 Be7 18. Bg5 Be6 19. Bxf6 Rxf6 20. Na4 d4 21.
Nac5 Bd5 22. f4 Bxg2+ 23. Kxg2 exf4 24. Rgf1 Re8 25. Nd3 fxg3 26. hxg3 Re6 27.
Rae1 Bd6 28. Nbc1 Na5 29. Nf4 Re4 30. Rf3 Nc4 31. Nfd3 Nd2 32. Rf5 Rg4 33. Nf4
Re3 34. Nh5 Bxg3 35. Rd1 Bf4+ 0-1

[Event "Bundesliga 9900"]
[Site "Deutschland"]
[Date "1999.11.07"]
[Round "4.4"]
[White "Knaak, Rainer"]
[Black "Kalinitschew, Sergey"]
[Result "1-0"]
[WhiteElo "2505"]
[BlackElo "2524"]
[PlyCount "69"]
[EventDate "1999.10.09"]
[EventType "team"]
[EventRounds "15"]
[EventCountry "GER"]
[SourceTitle "Bundesliga 9900"]
[Source "DeepChess"]
[SourceDate "2005.01.01"]
[SourceVersion "1"]
[SourceVersionDate "2005.01.01"]
[SourceQuality "1"]
[WhiteTeam "SAbt SV Werder Bremen"]
[BlackTeam "Luebecker SV von 1873 "]
[WhiteTeamCountry "GER"]
[BlackTeamCountry "GER"]

1. d4 e6 2. c4 b6 3. Nc3 Bb7 4. a3 f5 5. d5 Be7 6. g3 Bf6 7. Bg2 Bxc3+ 8. bxc3
Nf6 9. Nh3 Na6 10. a4 Nc5 11. Ba3 O-O 12. Bxc5 bxc5 13. O-O Rb8 14. Qd3 Ba6 15.
Rfe1 Kh8 16. dxe6 dxe6 17. Nf4 Qe7 18. e4 fxe4 19. Bxe4 Qf7 20. Bf3 Rb6 21. Qe3
Nd7 22. Bg4 Bxc4 23. Rad1 g5 24. Nh3 h6 25. Rxd7 Qxd7 26. Qxc5 Rfb8 27. Qxc4
Rb1 28. Qf1 Qh7 29. Kg2 Qc2 30. Bxe6 Qxa4 31. Bd5 Qc2 32. Rxb1 Rxb1 33. Qa6 Kg7
34. Qe6 Rb6 35. Qf7+ 1-0

[Event "Bundesliga 9900"]
[Site "Deutschland"]
[Date "1999.11.07"]
[Round "4.5"]
[White "Lau, Ralf"]
[Black "Schandorff, Lars"]
[Result "0-1"]
[WhiteElo "2460"]
[BlackElo "2514"]
[PlyCount "92"]
[EventDate "1999.10.09"]
[EventType "team"]
[EventRounds "15"]
[EventCountry "GER"]
[SourceTitle "Bundesliga 9900"]
[Source "DeepChess"]
[SourceDate "2005.01.01"]
[SourceVersion "1"]
[SourceVersionDate "2005.01.01"]
[SourceQuality "1"]
[WhiteTeam "Luebecker SV von 1873 "]
[BlackTeam "SAbt SV Werder Bremen"]
[WhiteTeamCountry "GER"]
[BlackTeamCountry "GER"]

1. e4 e5 2. Nf3 Nf6 3. Nc3 Nc6 4. Bb5 Nd4 5. Bd3 Nxf3+ 6. Qxf3 d6 7. b3 g6 8.
Bb2 Bg7 9. h3 c6 10. g4 h5 11. g5 Nd7 12. h4 Nc5 13. Bf1 O-O 14. Qg3 f5 15. f3
fxe4 16. fxe4 Bg4 17. Be2 Bxe2 18. Kxe2 Rf4 19. Qe3 Qd7 20. Rag1 b5 21. d3 Raf8
22. Kd1 Rf2 23. Qh3 Qxh3 24. Rxh3 Ne6 25. Bc1 Rf1+ 26. Rxf1 Rxf1+ 27. Kd2 Bf8
28. Ne2 Be7 29. Bb2 Rf2 30. Re3 Rh2 31. Ke1 Rxh4 32. d4 Bxg5 33. Rc3 Rxe4 34.
Kf1 c5 35. dxc5 dxc5 36. Rd3 Nd4 37. Bxd4 exd4 38. b4 Be7 39. bxc5 Bxc5 40. Rg3
Kg7 41. Rg5 Bb6 42. Rxb5 h4 43. Rb1 h3 44. Ng3 Rf4+ 45. Ke2 d3+ 46. cxd3 Rf2+
0-1

[Event "Bundesliga 9900"]
[Site "Deutschland"]
[Date "1999.11.07"]
[Round "4.6"]
[White "Heissler, Jakob"]
[Black "Mortensen, Erling"]
[Result "0-1"]
[WhiteElo "2447"]
[BlackElo "2445"]
[PlyCount "88"]
[EventDate "1999.10.09"]
[EventType "team"]
[EventRounds "15"]
[EventCountry "GER"]
[SourceTitle "Bundesliga 9900"]
[Source "DeepChess"]
[SourceDate "2005.01.01"]
[SourceVersion "1"]
[SourceVersionDate "2005.01.01"]
[SourceQuality "1"]
[WhiteTeam "SAbt SV Werder Bremen"]
[BlackTeam "Luebecker SV von 1873 "]
[WhiteTeamCountry "GER"]
[BlackTeamCountry "GER"]

1. e4 c5 2. Nf3 e6 3. d3 Nc6 4. g3 g6 5. Bg2 Bg7 6. O-O Nge7 7. Re1 d6 8. c3 e5
9. a3 O-O 10. b4 h6 11. Nbd2 Be6 12. Rb1 b6 13. Bb2 b5 14. Ba1 Rb8 15. d4 cxd4
16. cxd4 exd4 17. Nb3 Bxb3 18. Rxb3 Qb6 19. Rd3 a5 20. Nxd4 Ne5 21. bxa5 Qxa5
22. Nb3 Qxe1+ 23. Qxe1 Nxd3 24. Qd2 Ne5 25. Qxd6 N7c6 26. h3 Rfd8 27. Qc5 Rbc8
28. Bxe5 Nxe5 29. Qxb5 Rb8 30. Qa4 Nd3 31. Na5 Rb1+ 32. Kh2 Nxf2 33. Nc6 Rd2
34. Ne7+ Kf8 35. Nd5 Be5 36. Qa8+ Kg7 37. Qa7 Nd3 38. Nc7 Bxc7 39. Qxc7 Rbb2
40. Qc3+ Kg8 41. Qc8+ Kg7 42. Qc3+ Kh7 43. Kh1 Nf2+ 44. Kg1 Nd1 0-1

[Event "Bundesliga 9900"]
[Site "Deutschland"]
[Date "1999.11.07"]
[Round "4.7"]
[White "Cladouras, Panagiotis"]
[Black "Meins, Gerlef"]
[Result "1/2-1/2"]
[WhiteElo "2335"]
[BlackElo "2421"]
[PlyCount "42"]
[EventDate "1999.10.09"]
[EventType "team"]
[EventRounds "15"]
[EventCountry "GER"]
[SourceTitle "Bundesliga 9900"]
[Source "DeepChess"]
[SourceDate "2005.01.01"]
[SourceVersion "1"]
[SourceVersionDate "2005.01.01"]
[SourceQuality "1"]
[WhiteTeam "Luebecker SV von 1873 "]
[BlackTeam "SAbt SV Werder Bremen"]
[WhiteTeamCountry "GER"]
[BlackTeamCountry "GER"]

1. e4 c5 2. Nf3 d6 3. Bb5+ Nd7 4. c4 g6 5. O-O Bg7 6. d4 cxd4 7. Nxd4 Ngf6 8.
Nc3 O-O 9. Bxd7 Bxd7 10. b3 Qa5 11. Bb2 Rfc8 12. Qe2 Qh5 13. Qxh5 Nxh5 14. Rad1
Kf8 15. g3 Nf6 16. Rfe1 a6 17. a4 Bc6 18. f4 Nd7 19. e5 Nc5 20. a5 dxe5 21.
fxe5 Rd8 1/2-1/2

[Event "Bundesliga 9900"]
[Site "Deutschland"]
[Date "1999.11.07"]
[Round "4.8"]
[White "Blauert, Joerg"]
[Black "Meyer, Claus Dieter"]
[Result "1/2-1/2"]
[WhiteElo "2386"]
[BlackElo "2313"]
[PlyCount "39"]
[EventDate "1999.10.09"]
[EventType "team"]
[EventRounds "15"]
[EventCountry "GER"]
[SourceTitle "Bundesliga 9900"]
[Source "DeepChess"]
[SourceDate "2005.01.01"]
[SourceVersion "1"]
[SourceVersionDate "2005.01.01"]
[SourceQuality "1"]
[WhiteTeam "Luebecker SV von 1873 "]
[BlackTeam "SAbt SV Werder Bremen"]
[WhiteTeamCountry "GER"]
[BlackTeamCountry "GER"]

1. e4 e6 2. d3 d5 3. Qe2 Nc6 4. Nf3 e5 5. c3 a5 6. a4 Nf6 7. g3 dxe4 8. dxe4
Bc5 9. Bg2 O-O 10. O-O b6 11. Nbd2 Ba6 12. Nc4 Ne8 13. Nfd2 Nd6 14. b3 Qe7 15.
Bh3 f6 16. Qg4 Bc8 17. Qh4 Ba6 18. Qg4 Bc8 19. Qh4 Ba6 20. Qg4 1/2-1/2

[Event "Bundesliga 9900"]
[Site "Deutschland"]
[Date "1999.11.07"]
[Round "4.2"]
[White "Marciano, David"]
[Black "Van der Sterren, Paul"]
[Result "1/2-1/2"]
[WhiteElo "2529"]
[BlackElo "2535"]
[PlyCount "54"]
[EventDate "1999.10.09"]
[EventType "team"]
[EventRounds "15"]
[EventCountry "GER"]
[SourceTitle "Bundesliga 9900"]
[Source "DeepChess"]
[SourceDate "2005.01.01"]
[SourceVersion "1"]
[SourceVersionDate "2005.01.01"]
[SourceQuality "1"]
[WhiteTeam "PSV Turm Duisburg 1920 e.V."]
[BlackTeam "SV Castrop Rauxel 1923"]
[WhiteTeamCountry "GER"]
[BlackTeamCountry "GER"]

1. e4 e5 2. Nf3 Nc6 3. d4 exd4 4. Nxd4 Bc5 5. Nxc6 Qf6 6. Qd2 dxc6 7. Nc3 Ne7
8. Qf4 Qd6 9. Be3 Bb4 10. Qxd6 cxd6 11. O-O-O Be6 12. Ne2 d5 13. Nf4 dxe4 14.
Rd4 Bc5 15. Nxe6 fxe6 16. Rxe4 Bxe3+ 17. Rxe3 Rf8 18. f3 Rf6 19. Rb3 O-O-O 20.
Bd3 Nd5 21. Be4 Nf4 22. Ra3 a6 23. Ra5 Rh6 24. b3 Ne2+ 25. Kb2 Ng3 26. Re1 Rxh2
27. Rg5 Nxe4 1/2-1/2

[Event "Bundesliga 9900"]
[Site "Deutschland"]
[Date "1999.11.07"]
[Round "4.3"]
[White "King, Daniel J"]
[Black "Miralles, Gilles"]
[Result "1-0"]
[WhiteElo "2501"]
[BlackElo "2499"]
[PlyCount "74"]
[EventDate "1999.10.09"]
[EventType "team"]
[EventRounds "15"]
[EventCountry "GER"]
[SourceTitle "Bundesliga 9900"]
[Source "DeepChess"]
[SourceDate "2005.01.01"]
[SourceVersion "1"]
[SourceVersionDate "2005.01.01"]
[SourceQuality "1"]
[WhiteTeam "SV Castrop Rauxel 1923"]
[BlackTeam "PSV Turm Duisburg 1920 e.V."]
[WhiteTeamCountry "GER"]
[BlackTeamCountry "GER"]

1. e4 c5 2. Nc3 Nc6 3. g3 g6 4. Bg2 Bg7 5. d3 d6 6. Nge2 Nf6 7. O-O O-O 8. h3
Nd4 9. Nxd4 cxd4 10. Ne2 Qb6 11. c3 dxc3 12. bxc3 Bd7 13. a4 Rac8 14. c4 Ne8
15. a5 Qa6 16. Ra3 Rc5 17. Qb3 Bc8 18. Qb4 f5 19. Be3 Rc7 20. exf5 Rxf5 21. Bb6
Rd7 22. Bd5+ Kh8 23. Be6 Re5 24. Nf4 g5 25. d4 Re4 26. Bf5 gxf4 27. Bxe4 e6 28.
gxf4 Rf7 29. Bd3 Rxf4 30. c5 Rxd4 31. Qxd4 Bxd4 32. Bxa6 axb6 33. Bb5 Bxc5 34.
Rf3 Nc7 35. Rf8+ Kg7 36. Rxc8 Nxb5 37. Rb8 Kf6 1-0

[Event "Bundesliga 9900"]
[Site "Deutschland"]
[Date "1999.11.07"]
[Round "4.4"]
[White "Kraut, Rainer"]
[Black "Seul, Georg"]
[Result "1-0"]
[WhiteElo "2453"]
[BlackElo "2445"]
[PlyCount "69"]
[EventDate "1999.10.09"]
[EventType "team"]
[EventRounds "15"]
[EventCountry "GER"]
[SourceTitle "Bundesliga 9900"]
[Source "DeepChess"]
[SourceDate "2005.01.01"]
[SourceVersion "1"]
[SourceVersionDate "2005.01.01"]
[SourceQuality "1"]
[WhiteTeam "PSV Turm Duisburg 1920 e.V."]
[BlackTeam "SV Castrop Rauxel 1923"]
[WhiteTeamCountry "GER"]
[BlackTeamCountry "GER"]

1. e4 d6 2. d4 g6 3. Nc3 Bg7 4. Be3 c6 5. a4 Nf6 6. h3 O-O 7. Nf3 Nbd7 8. a5 e5
9. dxe5 dxe5 10. Qd6 Ne8 11. Qb4 Bf6 12. Bc4 Be7 13. Qb3 Nc5 14. Qa2 Qc7 15.
O-O Ne6 16. Rfd1 N8g7 17. Rd2 Rd8 18. Rxd8+ Bxd8 19. b4 Bd7 20. Rd1 Be8 21. Qb2
Qb8 22. Ne2 Bc7 23. Nc1 f6 24. Bh6 Bf7 25. Bxg7 Kxg7 26. Rd7 Kg8 27. Re7 Qd8
28. Rxe6 Bxe6 29. Bxe6+ Kg7 30. Nd3 Qe7 31. Ba2 b6 32. a6 b5 33. Nc5 Bb6 34.
Ne6+ Kh8 35. Nxe5 1-0

[Event "Bundesliga 9900"]
[Site "Deutschland"]
[Date "1999.11.07"]
[Round "4.5"]
[White "Bosch, Jeroen"]
[Black "Machelett, Heiko"]
[Result "1/2-1/2"]
[WhiteElo "2433"]
[BlackElo "2380"]
[PlyCount "45"]
[EventDate "1999.10.09"]
[EventType "team"]
[EventRounds "15"]
[EventCountry "GER"]
[SourceTitle "Bundesliga 9900"]
[Source "DeepChess"]
[SourceDate "2005.01.01"]
[SourceVersion "1"]
[SourceVersionDate "2005.01.01"]
[SourceQuality "1"]
[WhiteTeam "SV Castrop Rauxel 1923"]
[BlackTeam "PSV Turm Duisburg 1920 e.V."]
[WhiteTeamCountry "GER"]
[BlackTeamCountry "GER"]

1. e4 c5 2. Nf3 e6 3. d4 cxd4 4. Nxd4 a6 5. Bd3 Nc6 6. Nxc6 dxc6 7. Nd2 e5 8.
Qh5 Bd6 9. Nc4 Nf6 10. Nxd6+ Qxd6 11. Qe2 Be6 12. O-O Nd7 13. Rd1 Qe7 14. c3
O-O 15. Be3 Rfd8 16. Bc2 h6 17. f3 Nf8 18. a3 Rxd1+ 19. Rxd1 Rd8 20. Rxd8 Qxd8
21. b4 b5 22. Qd3 Qc7 23. Kf2 1/2-1/2